000 00702nam a2200229 a 4500
001 ES-MaREB00717196-1
003 ES-MaREB
005 20150209104333.0
008 050824s1972 arg spa d
040 _cBMC
082 _a813.5
100 1 _aSanders, Lawrence
_930974
_d1920-1998
245 1 5 _aLos "tapes" de Anderson
_cLawrence Sanders ; [traducción, Marta Isabel Guastavino]
250 _a1ª ed., 6º reimp
260 _aBuenos Aires
_bEmecé
_c1972
300 _a299 p.
_c18 cm
490 0 _aGrandes novelistas
546 _aTraducción de: The Anderson tapes
650 2 4 _917595
_aNovela norteamericana
700 1 _930948
_aGuastavino, Marta I.
942 _2ddc
_cBK
_hahoj
999 _c18323
_d18323